[Event "Oakham YM"]
[Site "Oakham"]
[Date "1986.??.??"]
[Round "1"]
[White "Horvath, Csaba"]
[Black "Shovel, Kenneth"]
[Result "1-0"]
[WhiteElo "2345"]
[BlackElo "2225"]
[PlyCount "49"]
[EventDate "1986.04.??"]
[EventType "swiss"]
[EventRounds "9"]
[EventCountry "ENG"]
[SourceTitle "MCL"]
[Source "ChessBase"]
[SourceDate "1999.07.01"]
[SourceVersion "1"]
[SourceVersionDate "1999.07.01"]
[SourceQuality "1"]

1. d4 Nf6 2. c4 e6 3. g3 d5 4. Nf3 dxc4 5. Bg2 a6 6. 0-0 b5 7. Ne5 Nd5 8. a4 Bb7 9. b3 cxb3 10. axb5 axb5 11. Rxa8 Bxa8 12. Qxb3 c6 13. e4 Nf6 14. Nc3 Be7 15. d5 exd5 16. exd5 cxd5 17. Qxb5+ Nbd7 18. Bh3 Qc7 19. Nxd7 Nxd7 20. Re1 Kd8 21. Nxd5 Bxd5 22. Qxd5 Qd6 23. Qxd6 Bxd6 24. Rd1 Ke7 25. Bxd7 1-0

[Event "Gausdal Int"]
[Site "Gausdal"]
[Date "1986.??.??"]
[Round "?"]
[White "Shovel, Kenneth"]
[Black "Petursson, Margeir"]
[Result "0-1"]
[WhiteElo "2265"]
[BlackElo "2510"]
[PlyCount "120"]
[EventDate "1986.07.??"]
[EventType "swiss"]
[EventRounds "9"]
[EventCountry "NOR"]
[SourceTitle "EXT 1997"]
[Source "ChessBase"]
[SourceDate "1996.11.15"]
[SourceVersion "1"]
[SourceVersionDate "1996.11.15"]
[SourceQuality "1"]

1. d4 d5 2. c4 c6 3. Nf3 Nf6 4. Qc2 g6 5. Bf4 Bg7 6. e3 0-0 7. Nc3 Bf5 8. Qb3 Qb6 9. h3 Na6 10. g4 Be4 11. Nxe4 Nxe4 12. Qxb6 axb6 13. Bd3 Nb4 14. Bb1 Nc5 15. dxc5 Bxb2 16. Be5 Bxa1 17. Bxa1 bxc5 18. 0-0 dxc4 19. Ne5 b5 20. Nd7 Rfd8 21. Nxc5 Nxa2 22. Bd4 Nb4 23. Be4 Ra3 24. Nb7 Rda8 25. Bc5 R3a4 26. Bxe7 Nd5 27. Bxd5 cxd5 28. Bf6 b4 29. Nc5 Ra3 30. Kg2 Rc8 31. Bd4 c3 32. Rc1 b3 33. Nd3 c2 34. Kf3 Rc4 35. Ke2 g5 36. Kd2 Ra2 37. Bb2 Kf8 38. Re1 Ke7 39. Kc1 Ke6 40. Bd4 Kd6 41. Bb2 Rca4 42. Kd2 Rc4 43. Kc1 Ra8 44. Bd4 Rxd4 45. exd4 Ra1+ 46. Kb2 Rd1 47. Re3 Rb1+ 48. Kc3 c1Q+ 49. Nxc1 Rxc1+ 50. Kxb3 Rc4 51. Rd3 f6 52. Kb2 Ke6 53. h4 gxh4 54. f4 Kf7 55. f5 h5 56. gxh5 Kg7 57. Ra3 Rxd4 58. Ra7+ Kh6 59. Rf7 Kg5 60. h6 h3 0-1

[Event "Oakham YM"]
[Site "Oakham"]
[Date "1986.??.??"]
[Round "2"]
[White "Shovel, Kenneth"]
[Black "Piket, Jeroen"]
[Result "1-0"]
[WhiteElo "2225"]
[BlackElo "2410"]
[PlyCount "71"]
[EventDate "1986.04.??"]
[EventType "swiss"]
[EventRounds "9"]
[EventCountry "ENG"]
[SourceTitle "MCL"]
[Source "ChessBase"]
[SourceDate "1999.07.01"]
[SourceVersion "1"]
[SourceVersionDate "1999.07.01"]
[SourceQuality "1"]

1. d4 Nf6 2. c4 g6 3. Nc3 Bg7 4. e4 d6 5. Nf3 0-0 6. h3 e5 7. d5 a5 8. g4 Na6 9. Be3 Nc5 10. Nd2 b6 11. Be2 Ne8 12. Qc2 Bd7 13. 0-0-0 a4 14. h4 f5 15. gxf5 gxf5 16. Rdg1 Kh8 17. h5 a3 18. b3 Na6 19. h6 Bf6 20. exf5 Nb4 21. Qe4 Be7 22. Qg4 Bf6 23. Nde4 Qe7 24. Rh5 c6 25. Nxf6 Qxf6 26. Rg5 Nc7 27. Ne4 Nxa2+ 28. Kd2 Qf7 29. Rg7 Bxf5 30. Qg5 Bxe4 31. Rxf7 Rxf7 32. Bh5 Bg6 33. Bxg6 hxg6 34. Qxg6 Raf8 35. Qxd6 Re8 36. Rg7 1-0